| 000 | 01056nam a2200289Ia 4500 | ||
|---|---|---|---|
| 003 | OSt | ||
| 005 | 20221007125513.0 | ||
| 006 | a|||||r|||| 00| 0 | ||
| 007 | ta | ||
| 008 | 221006b |||||||| |||| 00| 0 eng d | ||
| 020 |
_a0854048510 (hbd) _c7100.93 |
||
| 024 | _a12729 | ||
| 037 |
_b836/2004-05, 27/04/2004, Educational Book Agency (India) _cTextual |
||
| 040 |
_aCDL _cCDL _beng |
||
| 041 |
_2eng _aeng |
||
| 082 | _aE9G:(C), P2 Carc | ||
| 100 |
_aTempler Richard H Ed. _9722037 |
||
| 245 | 0 |
_aBiophysical chemistry: membranes and proteins _b Leatherbarrow Robin Ed. |
|
| 260 |
_aCambridge _bRoyal Society of Chemistry _c2002 |
||
| 300 |
_aix, 280p _ccm. |
||
| 500 | _aIncludes bibliographical references; Index 277-280p | ||
| 650 | _a Biophysical chemistry | ||
| 650 | _aChemistry | ||
| 700 |
_a Leatherbarrow Robin Ed. _9722038 |
||
| 942 |
_hE9G:(C), P2 Carc _cTEXL _2CC |
||
| 999 |
_c1215409 _d1215409 |
||